Arsenal FC Squad 2014-2015 - Statistics

General Stats
  • This quiz has been taken 32 times
  • The average score is 22 of 31
Answer Stats
# Position Nation Player % Correct
16 MF Wales Aaron Ramsey
93%
17 FW Chile Alexis Sánchez
93%
14 FW England Theo Walcott
93%
- Coach France Arsène Wenger
90%
13 GK Colombia David Ospina
90%
6 DF France Laurent Koscielny
90%
11 MF Germany Mesut Özil
90%
12 FW France Olivier Giroud
90%
7 MF Czech Republic Tomáš Rosický
90%
1 GK Poland Wojciech Szczęsny
90%
4 DF Germany Per Mertesacker
86%
9 FW Germany Lukas Podolski
83%
19 MF Spain Santi Cazorla
83%
10 MF England Jack Wilshere
79%
28 FW Costa Rica Joel Campbell
79%
8 MF Spain Mikel Arteta
79%
39 DF Spain Héctor Bellerín
76%
18 DF Spain Nacho Monreal
76%
3 DF England Kieran Gibbs
72%
15 FW England Alex Oxlade-Chamberlain
69%
26 GK Argentina Emiliano Martínez
66%
23 FW England Danny Welbeck
62%
24 MF France Abou Diaby
55%
5 DF Brazil Gabriel Paulista
55%
2 DF France Mathieu Debuchy
55%
34 MF France Francis Coquelin
52%
20 MF France Mathieu Flamini
52%
21 DF England Calum Chambers
48%
27 FW Germany Serge Gnabry
41%
22 FW France Yaya Sanogo
38%
37 DF Nigeria Semi Ajayi
3%
No matching quizzes found
Score Distribution
Percent of People with Each Score
Percentile by Number Answered
Your Score History
You have not taken this quiz